<?xml version="1.0" encoding="UTF-8"?>
<marc:record xmlns:marc="http://www.loc.gov/MARC21/slim">
   <marc:leader>00000nam a2200000 a 4500</marc:leader>
   <marc:datafield ind1="1" ind2=" " tag="100">
      <marc:subfield code="a">Wacker, Sabine</marc:subfield>
      <marc:subfield code="4">aut</marc:subfield>
      <marc:subfield code="e">Verfasser/-in</marc:subfield>
   </marc:datafield>
   <marc:datafield ind1=" " ind2=" " tag="653">
      <marc:subfield code="a">Säure-Basen-Haushalt</marc:subfield>
   </marc:datafield>
   <marc:datafield ind1=" " ind2=" " tag="653">
      <marc:subfield code="a">Ratgeber/Gesundheit</marc:subfield>
   </marc:datafield>
   <marc:datafield ind1="0" ind2="0" tag="245">
      <marc:subfield code="a">Basenfasten für Eilige</marc:subfield>
   </marc:datafield>
   <marc:datafield ind1="0" ind2="0" tag="245">
      <marc:subfield code="b">das 7-Tage-Erfolgsprogramm</marc:subfield>
   </marc:datafield>
   <marc:datafield ind1="0" ind2="0" tag="245">
      <marc:subfield code="c">Wacker, Sabine</marc:subfield>
   </marc:datafield>
   <marc:datafield ind1=" " ind2="1" tag="264">
      <marc:subfield code="a">Stuttgart</marc:subfield>
      <marc:subfield code="b">Trias</marc:subfield>
      <marc:subfield code="c">2015</marc:subfield>
   </marc:datafield>
   <marc:datafield ind1=" " ind2=" " tag="250">
      <marc:subfield code="a">5. Aufl.</marc:subfield>
   </marc:datafield>
   <marc:datafield ind1="1" ind2=" " tag="520">
      <marc:subfield code="a">Basenfasten - die Wacker-Methode© Abnehmen und entschlacken - ohne Fastenkrise und Zeitaufwand Essen und dabei satt werden, und das auch noch ganz schnell: Basenfasten für Eilige ist die ideale Methode für Sie, wenn Sie abnehmen und entschlacken möchten - aber eigentlich keine Zeit haben. Abwiegen, mühsames Schnippeln oder Kalorienzählen gibt es hier nicht: Alle 30 Rezepte sind in 15 Minuten auf dem Tisch. Garantiert. - Das alltagstaugliche Erfolgsprogramm: Ob zu Hause, im Büro oder unterwegs - Basenfasten lässt sich problemlos in den Alltag integrieren. - Fasten nach Ihrem eigenen Zeitbudget: Mit basischen Fertigprodukten und Blitzgerichten klappt Basenfasten fast ganz nebenbei. Nutzen Sie Ihre Basenfasten-Woche als Einstieg in eine neue, gesündere Lebensweise. Sabine Wacker praktiziert als Heilpraktikerin in Mannheim. Sie hat sich auf Entgiftungstherapie, Fasten und Ernährungsberatung spezialisiert. Zusammen mit ihrem Mann Andreas Wacker hat sie Basenfasten - die Wackermethode© entwickelt. Bei TRIAS sind zwischenzeitlich zehn Ratgeber zum Thema Basenfasten - die Wackermethode© erhältlich. ---------------------------dfdfdfdf Sabine Wacker ist Heilpraktikerin und hat sich auf Entgiftungstherapie, Fasten ind Ernährunsberatung spezialisiert. Sie besitzt eine Praxis in Mannheim.</marc:subfield>
   </marc:datafield>
   <marc:datafield ind1=" " ind2=" " tag="020">
      <marc:subfield code="a">9783830483793</marc:subfield>
      <marc:subfield code="9">9783830483793</marc:subfield>
   </marc:datafield>
   <marc:datafield ind1=" " ind2=" " tag="020">
      <marc:subfield code="a">3830483791</marc:subfield>
      <marc:subfield code="9">3830483791</marc:subfield>
   </marc:datafield>
   <marc:datafield ind1=" " ind2=" " tag="041">
      <marc:subfield code="a">ger</marc:subfield>
   </marc:datafield>
   <marc:datafield ind1=" " ind2=" " tag="300">
      <marc:subfield code="b">Ill.</marc:subfield>
   </marc:datafield>
   <marc:datafield ind1=" " ind2=" " tag="338">
      <marc:subfield code="a">Band</marc:subfield>
   </marc:datafield>
   <marc:datafield ind1=" " ind2=" " tag="300">
      <marc:subfield code="a">134 S.</marc:subfield>
   </marc:datafield>
</marc:record>
